000 00402nam a2200133Ia 4500
008 151001s9999||||xx |||||||||||||| ||und||
100 _aनयनतारा देसाई
245 _aसमशेरबहाद्दर कृष्णसिंग
250 _a1
260 _bविभासा पुस्तक महाल
260 _c२०१३
300 _a216
365 _b21
999 _c1002308
_d1002305